| 000 | 00571nam a2200157 a 4500 | ||
|---|---|---|---|
| 008 | 120416s1975 ||||||||||||||||| || u | ||
| 050 | _aHM 131 Etz | ||
| 100 | _aEtzioni, Amitai | ||
| 245 | 1 | 2 | _aA comparative analysis of complex organizations |
| 246 | _aon power, involvement and their correlates | ||
| 250 | _aRev. enl. | ||
| 260 |
_aNew York _bFree Press _c1975 |
||
| 300 | _axxiv, 584p. : ill | ||
| 350 | _a0.00 | ||
| 995 |
_D0.00 _FCBU-MAIN LIBRARY (Kitwe) _H1 _I0.00 _UAVAILABLE _ZAnnex Low-Usage Collection |
||
| 999 |
_c37999 _d37999 |
||